La educación superior en Costa Rica /
| Autor principal: | |
|---|---|
| Format: | Llibre |
| Idioma: | idioma desconegut |
| Publicat: |
San José, Costa Rica :
Oficina de Publicaciones de la Universidad de Costa Rica,
1975
|
| Matèries: |
MARC
| LEADER | 00000nam a2200000Ia 4500 | ||
|---|---|---|---|
| 008 | 141002s1975 CR 000 | und d | ||
| 999 | |c 1772 |d 1772 | ||
| 090 | |a 06.03.06 |b 1814 | ||
| 100 | 1 | |a Monge Alfaro, Carlos |9 3288 | |
| 245 | 1 | |a La educación superior en Costa Rica / |c Carlos Monge Alfaro | |
| 260 | |a San José, Costa Rica : |b Oficina de Publicaciones de la Universidad de Costa Rica, |c 1975 | ||
| 300 | |a 152 páginas | ||
| 650 | 0 | |a EDUCACIÓN SUPERIOR |9 8 | |
| 942 | |i 002835 |h 06.03.06 1814 |2 z |c 01 | ||
